Central Library OPAC University of Rajshahi

Statistics for biologists / (Record no. 11997)

MARC details
000 -LEADER
fixed length control field 00821cam a2200277 a 4500
001 - CONTROL NUMBER
control field 11997
003 - CONTROL NUMBER IDENTIFIER
rucl marc code BD-RjUL
005 - DATE AND TIME OF LATEST TRANSACTION
control field 20211208235222.0
008 - FIXED-LENGTH DATA ELEMENTS--GENERAL INFORMATION
fixed length control field 140127r19791974enka b 001 0 eng d
020 ## - INTERNATIONAL STANDARD BOOK NUMBER
International Standard Book Number 0521203813
International Standard Book Number 052109836X (pbk.)
035 ## - SYSTEM CONTROL NUMBER
System control number (BD-RjUL)12046
040 ## - CATALOGING SOURCE
Original cataloging agency LC
Language of cataloging eng
Transcribing agency LC
Modifying agency ABN:1
-- BD-RjUL
041 ## - LANGUAGE CODE
Language code of text/sound track or separate title eng
082 04 - DEWEY DECIMAL CLASSIFICATION NUMBER
Classification number 519.5024574
Edition number 20
Author mark and year CAS 1979
100 1# - MAIN ENTRY--PERSONAL NAME
Personal name Campbell, R. C.
Fuller form of name (Richard Colin)
9 (RLIN) 37114
245 10 - TITLE STATEMENT
Title Statistics for biologists /
Statement of responsibility, etc. by R.C. Campbell.
250 ## - EDITION STATEMENT
Edition statement 2nd ed.
260 ## - PUBLICATION, DISTRIBUTION, ETC. (IMPRINT)
Place of publication, distribution, etc. London ;
-- New York :
Name of publisher, distributor, etc. Cambridge University Press,
Date of publication, distribution, etc. 1974 [reprinted 1979].
300 ## - PHYSICAL DESCRIPTION
Pagination xii, 385 p. :
Illustrations ill. ;
Size 22 cm.
504 ## - BIBLIOGRAPHY, ETC. NOTE
Bibliography, etc Bibliography: p. 341-342 and index.
650 #0 - SUBJECT ADDED ENTRY--TOPICAL TERM
Topical term or geographic name as entry element Biometry.
9 (RLIN) 37189
942 ## - ADDED ENTRY ELEMENTS (KOHA)
Source of classification or shelving scheme Dewey Decimal Classification
Koha item type Books
Holdings
Lost status Source of classification or shelving scheme Damaged status Not for loan Collection code Permanent Location Current Location Shelving location Date acquired Source of acquisition Cost, normal purchase price Total Checkouts Full call number Date last seen Copy number Koha item type
  Dewey Decimal Classification     Non-fiction Central Library, University of Rajshahi Central Library, University of Rajshahi   02/04/1984 Karim International, Dhaka 7.50   519.5024574 CAS 1979 27/01/2014 C-2 Books
  Dewey Decimal Classification   Not For Loan Non-fiction Central Library, University of Rajshahi Central Library, University of Rajshahi Reading Room 02/04/1986 Karim int. 7.50   519.5024574 CAS 1979 21/05/2017 C-1 Books